000 00373nam a2200145Ia 4500
008 230711s9999||||xx |||||||||||||| ||und||
041 _aENG
082 _a4
_bSI-A
100 _aSidney Soclof
245 0 _aApplications of analog ICs
250 _a1st Ed.
260 _c1985
_aNew Delhi
_bPrentice-Hall of India Private Limited
650 _aComputer Engineering
942 _cBK
999 _c680
_d680